| 000 | 00385nam a22001337a 4500 | ||
|---|---|---|---|
| 999 |
_c115351 _d115351 |
||
| 005 | 20220113153637.0 | ||
| 008 | 200103b ||||| |||| 00| 0 eng d | ||
| 040 | _cPK-LaUMT | ||
| 082 |
_a346.00264 _bUNC- |
||
| 245 |
_aUnclassified cases [UC, Vol. XXVI, 2005] _cedited by M. Farani. . .[et al.] |
||
| 260 |
_aLahore: _bNational Law Reporter, _c2005 |
||
| 300 | _a1144 p. | ||
| 942 | _cLPJ | ||